000 01547nam a2200457 i 4500
001 5757
003 KOSZ 005
005 20211119094610.0
008 970510s1993 pl a f |000 0 pol
015 _aPB 1993/3605
020 _a8385787038
035 _a991000912829705066
035 _a(PL-WaBN)b10281162-48omnis_nlop
035 _ab10281162
035 _a(OCoLC)834059857
035 _a(PL)b0000001028116
035 _a(EXLNZ-48OMNIS_NETWORK)9910161686305606
040 _aWA N
_cWA N
_dKOSZ 005/EG
041 1 _apol
_hengger
080 _a63
080 _a574
245 1 0 _aRolnictwo ekologiczne :
_bod teorii do praktyki /
_cred. nauk. Urszula Sołtysiak ; [zespół aut. Werner Balzer et al.].
260 _aWarszawa ; Toruń ; Hude :
_b"Ekoland" : Stiftung Leben & Umwelt,
_c1993.
300 _a255 s. :
_bfot., rys., wykr. ;
_c24 cm.
336 _2rdacontent
_aTekst
_btxt
337 _2rdamedia
_aBez urządzenia pośredniczącego
_bn
338 _2rdacarrier
_aWolumin
_bnc
380 _aKsiążki
388 _a1901-2000
388 _a1989-2000
500 _aTekst część. tł. z ang., niem.
504 _aBibliogr. s. 38, 54 i 200.
650 7 _aRolnictwo ekologiczne
_2DBN
650 7 _aOchrona środowiska
658 _aRolnictwo i leśnictwo
700 1 _aBalzer, Werner
_eAutor
700 1 _aSołtysiak, Urszula
_eRedakcja
856 _uhttp://koha.tu.koszalin.pl/cgi-bin/koha/opac-detail.pl?biblionumber=5757
_yKatalog online BPK
942 _2UKD
_cKS
999 _c5757
_d5757